LEADER 00923nam a2200217 i 4500 001 000000233610 003 CaOOAMICUS 005 20140923000000.0 008 140923s1903 it u000 u ita u 013 $a212513 040 $aSeMil$bita 245 13$aIl movimento operaio :$borigini. Forme. Sviluppo /$cAchille Loria. 260 $aMilano [etc.] :$bRemo Sandron,$c1903. 300 $a320 p. ;$c20 cm. 490 0 $aBiblioteca di scienze sociali e politiche ;$v47 650 4$aMovimento operaio - Storia.$0(OLS)http://semarc/subject/40040 830 0$aBiblioteca di scienze sociali e politiche ;$v47.$0(OLS)http://semarc/title/41546 850 $aSeMil 852 $aSeMil$W1$xVenegono$y1$m3M I 86$j183956$B183956$CSeMilBibl$Z2$F194707 $81 996 $6245$aIl movimento operaio :$borigini. Forme. Sviluppo$9(OLS)http://semarc/title/333382 996 $6260$aMilano [etc.] :$bRemo Sandron$9(OLS)http://semarc/publisher/33143 LEADER 01091nam a2200253 i 4500 001 000000051349 003 CaOOAMICUS 005 20100505000000.0 008 100505s1959 xx u000 u fre u 013 $a22521 040 $aSeMil$bita 100 1 $aLestapis, Stanislas : de .$0(OLS)http://semarc/name/24170 245 13$aLa limitation des naissances /$cpar Stanislas : Lestapis de. 260 $a[S.l.] :$bSpes,$cstampa 1959. 300 $a317 p. ;$c23 cm. 490 0 $aBibliothèque de la Recherche sociale 500 $aIn testa al front : Institut catholique de Paris. Institut d'études sociales. Action populaire. 650 4$aDemografia.$0(OLS)http://semarc/subject/7605 650 4$aContraccezione.$0(OLS)http://semarc/subject/10198 830 0$aBibliothèque de la Recherche sociale.$0(OLS)http://semarc/title/27670 850 $aSeMil 852 $aSeMil$W1$xVenegono$y1$m2F IV 66$j17504$B17504$CSeMilBibl$Z2$F17505 $81 996 $6245$aLa limitation des naissances$9(OLS)http://semarc/title/78613 996 $6260$a[S.l.] :$bSpes$9(OLS)http://semarc/publisher/41346